000 00455nab a2200145Ia 4500
003 ES-SlBCS
005 20210601142709.0
008 140529s2011 xxu||||| |||| 00| 0 spa d
041 _aspa
100 1 _aCastells, Pere
_9123297
245 0 0 _aLa destilación llega a la cocina
_c Pere Castells
650 0 4 _aDestilación
_9275860
773 0 _tInvestigacion y Ciencia (Traducción de: Scientific American)
_gnº. 417, 2011, págs. 48
_wRev1650
942 _cAR
999 _c680691
_d680691